000 00750nam a2200253Ia 4500
003 OSt
005 20220926034012.0
006 a|||||r|||| 00| 0
007 ta
008 220923b |||||||| |||| 00| 0 eng d
037 _cGeneral Book
040 _aRTL
_cRTL
_beng
041 _2eng
_aeng
082 _aX:741.1.N7, L2
100 _aCagan Phillip
_9286995
245 0 _aEconomic policy and inflation in the sixties
260 _aWashington
_bAEIPPR
_c1972
300 _a267p.
_ccm.
500 _aAmerican Enterprise Institute for Public Policy Research, Domestic affaris studies
650 _a Economics
650 _aInflation
942 _hX:741.1.N7, L2
_cGB
_2CC
999 _c658519
_d658519